Obálka Náhled e-knihy:
PDF
Pro půjčování e-knih musíte být přihlášeni.
Jak si půjčit online?

BodyTalk /

Mnohí z nás kráčajú životom s pocitom odlúčenia, akoby sme boli odrezaní od svojho tela. V takomto svete je takmer nemožné zotrvať v prítomnom okamihu a ešte náročnejšie je cítiť sa naozaj prítomní vo vlastnom vnútri. BodyTalk je jedinečný láskavý sprievodca na ceste k sebe samému. Počas 365 dní vás...

Celý popis

Uloženo v:
Hlavní autor: Hornthal, Erica (Autor)
Médium: E-kniha
Jazyk:Czech
Vydáno: Praha : Albatros Media Slovakia s.r.o., 2025
Tagy:
Žádné tagy
LEADER 01524nam a22002297i 4500
001 302737
007 ta
008 260514s2025 xr ||||| |||| 00| 0 cze d
020 |a 9788056649848 
044 |a xr 
100 1 |a  Hornthal, Erica  |4 aut 
245 1 0 |a BodyTalk /  |c  Hornthal, Erica 
240 1 0 |a BodyTalk: 365 Gentle Movement Practices to Get Out of Your Head and Into Your Body  
264 1 |a Praha :  |b Albatros Media Slovakia s.r.o.,  |c 2025 
300 |a 1 online zdroj (304 stran) 
336 |a text  |b txt  |2 rdacontent 
337 |a bez média  |b n  |2 rdamedia 
338 |a online zdroj  |b cr  |2 rdacarrier 
520 2 |a Mnohí z nás kráčajú životom s pocitom odlúčenia, akoby sme boli odrezaní od svojho tela. V takomto svete je takmer nemožné zotrvať v prítomnom okamihu a ešte náročnejšie je cítiť sa naozaj prítomní vo vlastnom vnútri. BodyTalk je jedinečný láskavý sprievodca na ceste k sebe samému. Počas 365 dní vás certifikovaná tanečno-pohybová terapeutka vedie k budovaniu priateľstva so svojím telom, či už k nemu pristupujete s jemnosťou po prvý raz, alebo si želáte tento vzťah ešte viac prehĺbiť. 
910 |a RBIT002 
998 |d 426995  |a https://core.palmknihy.cz/api/books/426995/cover?tesgih  |b https://core.palmknihy.cz/api/books/426995/cover/400?tesgih  |c https://core.palmknihy.cz/api/books/426995/cover/50?tesgih  |e 2030-09-10  |g 304  |i 9788056649848  |k https://core.palmknihy.cz/api/books/426995/preview.pdf  |l   |q 49  |r 1  |s https://www.palmknihy.cz/kniha/426995  |t ebook  |y 2025  |z 1 
999 |d 302735